| 000 | 01099nam a2200289 i 4500 | ||
|---|---|---|---|
| 001 | 98710 | ||
| 003 | ES-MaACL | ||
| 005 | 20250624062915.0 | ||
| 007 | t| | ||
| 008 | 051020s1965 sp ||||1| spa d | ||
| 080 | _a73 Collet, Charles (083.82) | ||
| 100 | 1 |
_aCollet, Charles. _939689 |
|
| 245 | 1 | 0 |
_aCharles Collet _b: [exposición, Sala de Santa Catalina del Ateneo de Madrid, noviembre de 1965] / _c[Texto: Juan Cortés]. |
| 260 |
_a[Madrid] : _bPublicaciones Españolas, _c[1965] |
||
| 300 |
_a[12] p. : _bil. ; _c28 cm. |
||
| 490 | 1 |
_aCuadernos de arte. Colección ordinaria ; _v205 |
|
| 600 | 1 | 4 |
_aCollet, Charles- _vExposiciones. _939690 |
| 610 | 2 | 7 |
_aAteneo de Madrid- _vExposiciones- _y1960-1969. _91920 |
| 655 | 7 |
_2tgfbne _9193628 _aCatálogos de exposiciones |
|
| 700 | 1 |
_aCortés, Juan. _940860 |
|
| 710 | 2 |
_aAteneo de Madrid. _bSala de Santa Catalina. _91964 |
|
| 830 | 0 |
_aCuadernos de arte. Colección ordinaria _v205 _9180064 |
|
| 852 |
_aES-MaACL _j2196-F-7 _9102376 _bR.136197 _cDEPOF |
||
| 852 |
_aES-MaACL _jG-13303(12). |
||
| 942 |
_2udc _cFOLLETOS |
||
| 999 |
_c98710 _d98710 |
||